<?xml version="1.0" encoding="UTF-8"?><?xml-stylesheet type="text/xsl" href="static/style.xsl"?><OAI-PMH xmlns="http://www.openarchives.org/OAI/2.0/" xmlns:xsi="http://www.w3.org/2001/XMLSchema-instance" xsi:schemaLocation="http://www.openarchives.org/OAI/2.0/ http://www.openarchives.org/OAI/2.0/OAI-PMH.xsd"><responseDate>2026-06-07T19:59:45Z</responseDate><request verb="GetRecord" identifier="oai:docta.ucm.es:20.500.14352/87958" metadataPrefix="marc">https://docta.ucm.es/rest/oai/request</request><GetRecord><record><header><identifier>oai:docta.ucm.es:20.500.14352/87958</identifier><datestamp>2023-09-30T01:28:11Z</datestamp><setSpec>com_20.500.14352_14</setSpec><setSpec>col_20.500.14352_15</setSpec></header><metadata><record xmlns="http://www.loc.gov/MARC21/slim" xmlns:dcterms="http://purl.org/dc/terms/" xmlns:xsi="http://www.w3.org/2001/XMLSchema-instance" xmlns:doc="http://www.lyncode.com/xoai" xsi:schemaLocation="http://www.loc.gov/MARC21/slim http://www.loc.gov/standards/marcxml/schema/MARC21slim.xsd">
   <leader>00925njm 22002777a 4500</leader>
   <datafield ind2=" " ind1=" " tag="042">
      <subfield code="a">dc</subfield>
   </datafield>
   <datafield ind2=" " ind1=" " tag="720">
      <subfield code="a">Martín Francés, Laura</subfield>
      <subfield code="e">author</subfield>
   </datafield>
   <datafield ind2=" " ind1=" " tag="720">
      <subfield code="a">Martinón Torres, María</subfield>
      <subfield code="e">author</subfield>
   </datafield>
   <datafield ind2=" " ind1=" " tag="720">
      <subfield code="a">Lacasa Marquina,  Elena</subfield>
      <subfield code="e">author</subfield>
   </datafield>
   <datafield ind2=" " ind1=" " tag="720">
      <subfield code="a">Fernández Colón, Pilar</subfield>
      <subfield code="e">author</subfield>
   </datafield>
   <datafield ind2=" " ind1=" " tag="720">
      <subfield code="a">Gracia Téllez, Ana</subfield>
      <subfield code="e">author</subfield>
   </datafield>
   <datafield ind2=" " ind1=" " tag="720">
      <subfield code="a">Bermúdez de Castro, José María</subfield>
      <subfield code="e">author</subfield>
   </datafield>
   <datafield ind2=" " ind1=" " tag="260">
      <subfield code="c">2014</subfield>
   </datafield>
   <datafield ind2=" " ind1=" " tag="520">
      <subfield code="a">Here we present a detailed palaeopathological study of the hominin mandible D2600 recov-ered at the Dmanisi site, Republic of Georgia. The Dmanisi assemblage represents theearliest evidence of hominins outside Africa with an age of 1.8 Ma. D2600 is the holotypeof Homo georgicus species and its taxonomic assignment is still under debate. Our studyreveals severe and unusual dental wear accompanied of extensive root exposure and dental axial migration, periapical abscesses and enamel fractures. In addition, there is evidenceof post-eruptive tooth rotation and temporomandibular arthropathy. We propose that thewear pattern observed in this individual is related to a diet with a high intake of fibrousand abrasive foods such as fruits and plants, as it is usually recorded in chimpanzees andgorillas and unlike the wear pattern observed in other Homo specimens of our comparativesample. The rounded occlusal surfaces and highly polished labio-lingual surfaces of D2600anterior teeth could be mainly the consequence of pre - and/or para-masticatory activi-ties such as gripping and stripping. This type of food would be also the origin of the highlycupped occlusal morphology of the posterior dentition in combination with relatively slightapproximal attrition. However, the lesions exhibited by D2600 have not significantly alteredthe morphology of the mandible and do not prevent a proper taxonomic assessment.</subfield>
   </datafield>
   <datafield ind1="8" ind2=" " tag="024">
      <subfield code="a">1631-0683</subfield>
   </datafield>
   <datafield ind1="8" ind2=" " tag="024">
      <subfield code="a">10.1016/j.crpv.2013.10.007</subfield>
   </datafield>
   <datafield ind1="8" ind2=" " tag="024">
      <subfield code="a">https://hdl.handle.net/20.500.14352/87958</subfield>
   </datafield>
   <datafield ind1="8" ind2=" " tag="024">
      <subfield code="a">1777-571X</subfield>
   </datafield>
   <datafield ind1="8" ind2=" " tag="024">
      <subfield code="a">https://www.sciencedirect.com/science/article/pii/S163106831300170X?via%3Dihub</subfield>
   </datafield>
   <datafield ind2="0" ind1="0" tag="245">
      <subfield code="a">Palaeopathology of the Pleistocene specimen D2600 from Dmanisi (Republic of Georgia)</subfield>
   </datafield>
</record></metadata></record></GetRecord></OAI-PMH>